Gobierno y partidos políticos en Puerto Rico (Record no. 23792)

MARC details
000 -LEADER
campo de control de longitud fija 00609nam a2200169 i 4500
001 - NÚMERO DE CONTROL
campo de control 23792
003 - IDENTIFICADOR DE NÚMERO DE CONTROL
campo de control ES-MaACL
005 - FECHA Y HORA DE LA ÚLTIMA TRANSACCIÓN
campo de control 20230906152933.0
007 - CAMPO FIJO DE DESCRIPCIÓN FÍSICA--INFORMACIÓN GENERAL
campo de control de longitud fija t|
008 - DATOS DE LONGITUD FIJA--INFORMACIÓN GENERAL
campo de control de longitud fija 021212s1970 sp ||||1| spa d
100 1# - ENTRADA PRINCIPAL--NOMBRE DE PERSONA
Nombre de persona Anderson, Robert W.
9 (RLIN) 21469
245 10 - MENCIÓN DEL TÍTULO
Título Gobierno y partidos políticos en Puerto Rico
Resto del título : seguido de un estudio sobre el plebiscito de 1967 y las elecciones de 1968 /
Mención de responsabilidad, etc. Robert W. Anderson ; [traducción por Cecilio Sánchez Gil].
260 ## - PUBLICACIÓN, DISTRIBUCIÓN, ETC.
Lugar de publicación, distribución, etc. Madrid :
Nombre del editor, distribuidor, etc. Tecnos,
Fecha de publicación, distribución, etc. [1970]
300 ## - DESCRIPCIÓN FÍSICA
Extensión 293 p. ;
Dimensiones 24 cm.
700 1# - ENTRADA AGREGADA--NOMBRE PERSONAL
Nombre de persona Sánchez Gil, Cecilio.
9 (RLIN) 102671
852 ## - LOCALIZACIÓN
Ubicación ES-MaACL
Número de control de estantería C-44510
Sublocalización o colección R.74436
Holdings
Estatus retirado Estado de pérdida Estado de daño No para préstamo Biblioteca de origen Biblioteca actual Ubicación en estantería Fecha de adquisición Fuente de adquisición Total de préstamos Signatura topográfica completa Código de barras Visto por última vez Precio de reemplazo Tipo de ítem Koha
        Biblioteca del Ateneo de Madrid Biblioteca del Ateneo de Madrid Depósito 2 17/01/2008     C-44510 1024518 23/02/2023 23/02/2023 Libro impreso